Spell the Marvel Character #131 - Statistics

General Stats
  • This quiz has been taken 16 times
  • The average score is 10 of 11
Answer Stats
Picture Answer % Correct
Ant-Man
100%
Black Panther
100%
Wasp
100%
Cosmo the Spacedog
92%
Doctor Strange
92%
Korg
92%
War Machine
92%
Lionheart
85%
Black Widow
77%
Okoye
77%
Inferno
69%
No matching quizzes found
Score Distribution
Percent of People with Each Score
Percentile by Number Answered
Your Score History
You have not taken this quiz